[Event "SF Brackel Dortmund-SC Reti Heusweiler"]
[Site "?"]
[Date "2007.12.27"]
[Round "1.1"]
[White "Grewenig, Jan"]
[Black "Schwiddessen, Jan"]
[Result "1-0"]
[WhiteElo "1607"]
[BlackElo "1335"]
[PlyCount "61"]
[EventDate "2007.??.??"]

1. e4 e5 2. Nf3 Nc6 3. d4 exd4 4. Nxd4 Bc5 5. Nxc6 Qf6 6. Qd2 Qxc6 7. Bd3 Nf6
8. O-O O-O 9. Qf4 Re8 10. Nc3 d5 11. Bb5 Qe6 12. Bxe8 Nxe8 13. exd5 Qg6 14. Qg5
Qxg5 15. Bxg5 f6 16. Bf4 Nd6 17. Na4 Bb6 18. Bxd6 cxd6 19. Nxb6 axb6 20. Rfe1
Kf7 21. a3 Ra5 22. c4 b5 23. b4 Ra4 24. cxb5 b6 25. Rec1 Bf5 26. Rc6 Ke7 27.
Rxb6 Ra7 28. a4 Bd7 29. a5 Kd8 30. Rxd6 Kc7 31. b6+ 1-0

[Event "SF Brackel Dortmund-SC Reti Heusweiler"]
[Site "?"]
[Date "2007.12.27"]
[Round "1.4"]
[White "Birnkraut, Tim"]
[Black "Schirra, Felix"]
[Result "1-0"]
[WhiteElo "1007"]
[BlackElo "1216"]
[PlyCount "157"]
[EventDate "2007.??.??"]

1. e4 c5 2. Nc3 Nc6 3. Nf3 g6 4. Bb5 Bg7 5. d3 d6 6. O-O Bd7 7. Nd5 Nf6 8. Nc3
O-O 9. Bg5 a6 10. Bc4 Rb8 11. Qd2 Qb6 12. Rab1 Qc7 13. Bh6 Ng4 14. Bxg7 Kxg7
15. h3 Nf6 16. Qg5 e6 17. h4 b5 18. Bb3 Nb4 19. a3 Nc6 20. Rfe1 e5 21. Nd5 Qd8
22. Nxf6 Qxf6 23. Qxf6+ Kxf6 24. c4 Kg7 25. Ba2 b4 26. Rec1 a5 27. Bb3 Nd4 28.
Nxd4 exd4 29. Bd1 f5 30. Bf3 Bc6 31. Re1 Rbe8 32. Re2 Rf7 33. h5 Rfe7 34. Rbe1
Kf6 35. e5+ Rxe5 36. Rxe5 Rxe5 37. Rxe5 dxe5 38. Bxc6 gxh5 39. g3 Kg5 40. Kg2
h4 41. Kh3 hxg3 42. fxg3 h5 43. Bd5 f4 44. gxf4+ exf4 45. Bf3 h4 46. a4 b3 47.
Be2 f3 48. Bxf3 Kf4 49. Bd1 Ke3 50. Bxb3 Kxd3 51. Kxh4 Ke2 52. Kg5 d3 53. Kf5
d2 54. Ke5 d1=Q 55. Bxd1+ Kxd1 56. Kd5 Kc2 57. Kxc5 Kb3 58. Kb5 Kxb2 59. c5 Kc3
60. c6 Kd4 61. c7 Kd5 62. c8=Q Ke4 63. Qc5 Kd3 64. Kxa5 Ke4 65. Qd6 Ke3 66. Qd5
Kf4 67. Qe6 Kf3 68. Qe5 Kf2 69. Qe4 Kg3 70. Qf5 Kg2 71. Qf4 Kg1 72. Qf3 Kh2 73.
Qg4 Kh1 74. Kb4 Kh2 75. Kc3 Kh1 76. Kd2 Kh2 77. Ke2 Kh1 78. Kf2 Kh2 79. Qg2#
1-0

[Event "SC Einheit Bautzen-SF Baiertal-Schattha"]
[Site "?"]
[Date "2007.12.27"]
[Round "1.1"]
[White "Herbst, Matthew"]
[Black "Rührmund, Daniel"]
[Result "0-1"]
[WhiteElo "1153"]
[BlackElo "1584"]
[PlyCount "76"]
[EventDate "2007.??.??"]

1. e4 c5 2. Nf3 e6 3. d4 cxd4 4. Nxd4 a6 5. Nc3 Qc7 6. Be3 Bb4 7. Bd2 Nf6 8.
Bd3 b5 9. O-O Bc5 10. Be3 Be7 11. a3 Bb7 12. f4 d6 13. Kh1 Nbd7 14. Qf3 O-O 15.
f5 e5 16. Nde2 Nc5 17. Rad1 Rad8 18. b4 Ncd7 19. h4 Nb6 20. h5 d5 21. exd5
Nbxd5 22. Nxd5 Bxd5 23. Qh3 e4 24. Bf4 Qb7 25. Nd4 exd3 26. Nf3 dxc2 27. Rc1
Bxf3 28. Qxf3 Qxf3 29. gxf3 Nxh5 30. Bh2 Rd2 31. Rfe1 Bf6 32. Kg1 Bb2 33. Rb1
cxb1=Q 34. Rxb1 Bd4+ 35. Kh1 Re8 36. Rc1 h6 37. f4 Ree2 38. Bg1 Ng3# 0-1

[Event "SC Einheit Bautzen-SF Baiertal-Schattha"]
[Site "?"]
[Date "2007.12.27"]
[Round "1.2"]
[White "Hase, Albert"]
[Black "Müller, Maiko"]
[Result "1-0"]
[WhiteElo "1479"]
[BlackElo "1208"]
[PlyCount "105"]
[EventDate "2007.??.??"]

1. d4 d5 2. c4 dxc4 3. e4 c5 4. Be3 Qb6 5. Qd2 e6 6. Nc3 Nc6 7. Nf3 cxd4 8.
Nxd4 Bc5 9. Na4 Bb4 10. Nxb6 Bxd2+ 11. Kxd2 axb6 12. Nxc6 bxc6 13. Bxb6 Rb8 14.
Bd4 f6 15. Bxc4 Ne7 16. b3 O-O 17. Rhd1 Rd8 18. Ke3 f5 19. Bc5 Re8 20. Bxe7
Rxe7 21. exf5 Kf8 22. Rd8+ Kf7 23. g3 Kf6 24. fxe6 Bxe6 25. Rxb8 Bxc4+ 26. Kd4
Bd5 27. Rf8+ Kg6 28. Rf4 Ra7 29. Kc3 Ra5 30. b4 Rxa2 31. Rxa2 Bxa2 32. Kd4 Bd5
33. Kc5 Bg2 34. h4 h5 35. f3 Bh3 36. Kxc6 Bf1 37. b5 Bxb5+ 38. Kxb5 Kh7 39. Kc6
g6 40. Rf7+ Kh6 41. f4 g5 42. fxg5+ Kg6 43. Rf6+ Kg7 44. Kd5 Kg8 45. Ra6 Kh7
46. Ke5 Kg7 47. Kf5 Kf7 48. Ra7+ Ke8 49. Ke6 Kf8 50. Rb7 Kg8 51. Kf6 Kh8 52.
Kg6 Kg8 53. Rb8# 1-0

[Event "SV Unterkochen-SV Turm Lippstadt"]
[Site "?"]
[Date "2007.12.27"]
[Round "1.1"]
[White "Tran, Duc Cuong"]
[Black "Zoller, Philipp"]
[Result "1-0"]
[WhiteElo "1709"]
[BlackElo "1049"]
[PlyCount "47"]
[EventDate "2007.??.??"]

1. e4 e5 2. g3 Nf6 3. Bg2 Bc5 4. Ne2 Nc6 5. O-O O-O 6. c4 d6 7. h3 Be6 8. d3 h6
9. Nbc3 Qd7 10. Kh2 a6 11. f4 exf4 12. Bxf4 Nd4 13. Rb1 Nxe2 14. Nxe2 b5 15. d4
Bb6 16. d5 bxc4 17. dxe6 Qxe6 18. Nd4 Qd7 19. Bxh6 Rfe8 20. Rxf6 gxf6 21. Nf5
Kh7 22. Qh5 Rh8 23. Bg7+ Kg8 24. Qxh8# 1-0

[Event "SV Unterkochen-SV Turm Lippstadt"]
[Site "?"]
[Date "2007.12.27"]
[Round "1.2"]
[White "Basaran, Mehmet"]
[Black "Valledor Pereira, Dominik Damian"]
[Result "1-0"]
[WhiteElo "865"]
[BlackElo "1236"]
[PlyCount "75"]
[EventDate "2007.??.??"]

1. e4 c5 2. Nf3 Nc6 3. Bc4 d6 4. c3 Nf6 5. d4 cxd4 6. cxd4 Nxe4 7. O-O Bd7 8.
Re1 Nf6 9. Nc3 a6 10. Ng5 e6 11. d5 Ne5 12. dxe6 fxe6 13. Nxe6 Bxe6 14. Bxe6
Qe7 15. Nd5 Nxd5 16. Qxd5 Rd8 17. f4 Qf6 18. fxe5 dxe5 19. Qxe5 Rd1 20. Bd7+
Kxd7 21. Rxd1+ Kc6 22. Qxf6+ gxf6 23. Bf4 Bc5+ 24. Kf1 Rf8 25. Rac1 Kb5 26. b3
Rf7 27. Rd5 b6 28. Bd6 Kc6 29. Rdd1 Rd7 30. Bxc5 Rxd1+ 31. Rxd1 Kxc5 32. Kf2
Kc6 33. Kf3 Kb5 34. Kf4 Kb4 35. Kf5 Ka3 36. Rd2 Kb4 37. Kxf6 Kc3 38. Rd6 1-0

[Event "SV Unterkochen-SV Turm Lippstadt"]
[Site "?"]
[Date "2007.12.27"]
[Round "1.3"]
[White "Scheer, Maximilian"]
[Black "Degünther, Julius"]
[Result "1/2-1/2"]
[WhiteElo "1223"]
[BlackElo "976"]
[PlyCount "61"]
[EventDate "2007.??.??"]

1. e4 e5 2. Nf3 Nc6 3. Bc4 Bc5 4. Nc3 Nf6 5. d3 d6 6. Bg5 h6 7. Bh4 Bg4 8. Nd5
g5 9. Bg3 Nxd5 10. Bxd5 Nd4 11. c3 Nxf3+ 12. gxf3 Bc8 13. a3 c6 14. Bc4 Qe7 15.
d4 Bb6 16. dxe5 dxe5 17. Qa4 f6 18. Bd5 Be6 19. Bxc6+ bxc6 20. Qxc6+ Kf7 21. h4
Rac8 22. Qa4 Rcd8 23. Rd1 Rxd1+ 24. Qxd1 Qd7 25. Qxd7+ Bxd7 26. hxg5 fxg5 27.
Bxe5 Rh7 28. f4 gxf4 29. Bxf4 Kg6 30. c4 a5 31. b4 1/2-1/2

[Event "SK Ettlingen-TuS Makkabi Berlin"]
[Site "?"]
[Date "2007.12.27"]
[Round "1.4"]
[White "Kupferschmid, Gernot"]
[Black "Lerch, Philipp"]
[Result "0-1"]
[WhiteElo "1204"]
[BlackElo "1569"]
[PlyCount "76"]
[EventDate "2007.??.??"]

1. e4 c5 2. Nc3 Nc6 3. g3 g6 4. Bg2 Bg7 5. d3 d6 6. f4 e6 7. Nf3 Nge7 8. Be3
O-O 9. O-O Bd7 10. Nb5 Bc8 11. d4 cxd4 12. Nfxd4 d5 13. e5 Nxd4 14. Nxd4 Bd7
15. Qd3 Nc6 16. Nxc6 Bxc6 17. Bc5 Re8 18. b4 Bf8 19. Bxf8 Rxf8 20. b5 Qb6+ 21.
Kh1 Bxb5 22. Qa3 Bxf1 23. Bxf1 Rac8 24. Bd3 Rc6 25. Rc1 Qc5 26. Qb3 Rb6 27. Qa4
Rb4 28. Qa3 Rc8 29. c3 Rb1 30. Qa4 Rxc1+ 31. Kg2 Qg1+ 32. Kh3 R1xc3 33. Qd7 Qc5
34. Be2 Rc2 35. Bg4 Qf2 36. Kh4 Qxh2+ 37. Kg5 Kg7 38. Qe7 h6# 0-1

[Event "Weisse Dame Hamburg-SV Stuttgart-Wolfbu"]
[Site "?"]
[Date "2007.12.27"]
[Round "1.4"]
[White "Petru, Dennis"]
[Black "Baumann, Oliver"]
[Result "1-0"]
[WhiteElo "1073"]
[BlackElo "888"]
[PlyCount "75"]
[EventDate "2007.??.??"]

1. e4 e5 2. Nf3 Nc6 3. d4 exd4 4. Nxd4 Qh4 5. Nc3 Bb4 6. Ndb5 Kd8 7. Qd3 Nf6 8.
Bd2 Re8 9. g3 Qg4 10. Be2 Ne5 11. Qe3 Nc4 12. Bxc4 Nxe4 13. f3 Qg6 14. fxe4
Bxc3 15. Nxc3 h6 16. O-O-O f5 17. Rhf1 fxe4 18. Bf7 Qd6 19. Bxe8 Kxe8 20. Qxe4+
Kd8 21. Bxh6 Qxh6+ 22. Kb1 c6 23. Rf8+ Kc7 24. Qe5+ d6 25. Qe7+ Kb6 26. Na4+
Ka6 27. Qe2+ b5 28. Nc3 Bb7 29. Rxa8 Bxa8 30. a4 Kb7 31. axb5 cxb5 32. Nxb5 Kc6
33. Rxd6+ Qxd6 34. Nxd6 Kxd6 35. Qd3+ Bd5 36. c4 Kc5 37. Qxd5+ Kb4 38. Qb5# 1-0

[Event "SC Einheit Bautzen-SF Baiertal-Schattha"]
[Site "?"]
[Date "2007.12.27"]
[Round "1.3"]
[White "Herbst, Timothy"]
[Black "Vu Tuan, Minh"]
[Result "1-0"]
[WhiteElo "1103"]
[BlackElo "1184"]
[PlyCount "73"]
[EventDate "2007.??.??"]

1. c4 e5 2. g3 c6 3. Nc3 Nf6 4. Nf3 d6 5. d3 Be7 6. Bg2 Bd7 7. O-O Qc8 8. Be3
Bh3 9. Qa4 O-O 10. Qc2 Bxg2 11. Kxg2 Rd8 12. d4 Ng4 13. h3 Nxe3+ 14. fxe3 Bf6
15. Ne4 Be7 16. Neg5 g6 17. h4 h6 18. Nh3 Nd7 19. Rf2 Nf6 20. Nh2 Ng4 21. Nxg4
Qxg4 22. e4 Qe6 23. d5 cxd5 24. cxd5 Qd7 25. Raf1 Rac8 26. Qb3 Rf8 27. Qe3 Kg7
28. a3 b6 29. Qf3 Bd8 30. b3 b5 31. b4 Bb6 32. e3 Rc3 33. h5 Rxe3 34. Qf6+ Kg8
35. hxg6 Rxe4 36. gxf7+ Kh7 37. Ng5+ 1-0

[Event "SC Einheit Bautzen-SF Baiertal-Schattha"]
[Site "?"]
[Date "2007.12.27"]
[Round "1.4"]
[White "Röpke, Markus"]
[Black "Gutenkunst, Lukas"]
[Result "1-0"]
[WhiteElo "1138"]
[BlackElo "768"]
[PlyCount "107"]
[EventDate "2007.??.??"]

1. e4 e5 2. Nf3 Nc6 3. Bc4 Nf6 4. Nc3 Bc5 5. O-O d6 6. h3 O-O 7. d3 Qe7 8. Bg5
Nb4 9. a3 Be6 10. Bxe6 Qxe6 11. axb4 Bxb4 12. Bxf6 Bxc3 13. bxc3 Qxf6 14. c4 a6
15. Qd2 b5 16. cxb5 axb5 17. Qb4 c6 18. Qc3 c5 19. Qb3 b4 20. Qd5 Ra3 21. Rfb1
g6 22. Rxa3 bxa3 23. Ra1 Rb8 24. Nd2 Rb2 25. Ra2 Qe6 26. Rxb2 axb2 27. Qxe6
fxe6 28. Kf1 d5 29. Ke1 dxe4 30. dxe4 c4 31. Kd1 c3 32. Nb1 Kf7 33. Nxc3 Kf6
34. Nb1 Kg5 35. g3 h5 36. c4 h4 37. c5 Kh5 38. c6 g5 39. c7 g4 40. hxg4+ Kxg4
41. c8=Q h3 42. Qxe6+ Kf3 43. Qxh3 Kxe4 44. Kc2 Kf3 45. Qf5+ Kg2 46. Qxe5 Kf1
47. Kd2 Kg2 48. Ke2 Kg1 49. Kf3 Kh2 50. g4+ Kg1 51. g5 Kh1 52. g6 Kg1 53. Qh5
Kf1 54. Qh1# 1-0

[Event "SC Forchheim-BSG Chemie Leipzig"]
[Site "?"]
[Date "2007.12.27"]
[Round "1.4"]
[White "Wagner, Robert"]
[Black "Schmücker, Felix"]
[Result "0-1"]
[WhiteElo "1483"]
[BlackElo "1077"]
[PlyCount "84"]
[EventDate "2007.??.??"]
[WhiteTeam "SC Forchheim"]
[BlackTeam "BSG Chemie Leipzig"]

1. d4 d5 2. e3 e6 3. Bd3 f5 4. f4 Nf6 5. Nf3 Nbd7 6. Ne5 Bd6 7. Nd2 c5 8. c3
Qe7 9. Ndf3 Ne4 10. Nxd7 Bxd7 11. Ne5 Qh4+ 12. g3 Nxg3 13. Nf3 Qh6 14. Rg1 Ne4
15. Qe2 c4 16. Bxe4 fxe4 17. Ne5 Bxe5 18. dxe5 O-O-O 19. b3 Bb5 20. a4 Ba6 21.
b4 b6 22. b5 Bb7 23. a5 Rhg8 24. axb6 axb6 25. Ba3 g5 26. Bd6 gxf4 27. Rf1 fxe3
28. Ra7 Qh3 29. Qa2 Qh4+ 30. Kd1 e2+ 31. Qxe2 Qg4 32. Qxg4 Rxg4 33. Rf7 Rg1+
34. Ke2 Rdg8 35. Raxb7 R8g2+ 36. Rf2 Kxb7 37. Be7 Rxf2+ 38. Kxf2 Rb1 39. Bb4
Rb2+ 40. Kg3 e3 41. h4 Rxb4 42. cxb4 c3 0-1

[Event "SK Ettlingen-TuS Makkabi Berlin"]
[Site "?"]
[Date "2007.12.27"]
[Round "1.1"]
[White "Galkin, Wladislaw"]
[Black "Volz, Alexander"]
[Result "1-0"]
[WhiteElo "1737"]
[BlackElo "1480"]
[PlyCount "113"]
[EventDate "2007.??.??"]

1. d4 d5 2. c4 dxc4 3. Nf3 Nf6 4. e3 Bg4 5. Bxc4 e6 6. h3 Bh5 7. O-O Nbd7 8.
Qe2 Bd6 9. e4 e5 10. Rd1 Qe7 11. d5 O-O 12. Nc3 Nb6 13. Bb3 Rac8 14. Bg5 h6 15.
Bh4 Nbd7 16. Bc2 a6 17. a3 Nb6 18. b4 Rfe8 19. Rdb1 Nbd7 20. g4 Bg6 21. Nd2 Qf8
22. Nc4 Bh7 23. Na5 Rb8 24. b5 Nc5 25. Bxf6 gxf6 26. bxa6 bxa6 27. Nc6 Rxb1+
28. Rxb1 Bg6 29. Qf3 Kg7 30. Qe2 Kg8 31. a4 Rc8 32. a5 Re8 33. Na4 Nxa4 34.
Bxa4 Ra8 35. f3 Kg7 36. Rb7 Qc8 37. Qb2 Kh7 38. Rb8 Rxb8 39. Qxb8 Qxb8 40. Nxb8
Bc5+ 41. Kf1 Bb4 42. Nc6 Bc3 43. Bb3 h5 44. Bc4 hxg4 45. hxg4 Kg7 46. Bxa6 Kf8
47. Bb7 f5 48. a6 fxg4 49. a7 gxf3 50. a8=Q+ Kg7 51. Ne7 Bxe4 52. d6 Bd3+ 53.
Kf2 Bd4+ 54. Kg3 f2 55. Qg8+ Kf6 56. Qh8+ Kg5 57. Qh4# 1-0

[Event "TuS Makkabi Berlin-SV Empor Erfurt"]
[Site "?"]
[Date "2007.12.27"]
[Round "2.1"]
[White "Urban, Lars"]
[Black "Galkin, Wladislaw"]
[Result "0-1"]
[WhiteElo "1657"]
[BlackElo "1737"]
[PlyCount "72"]
[EventDate "2007.??.??"]

1. c4 e6 2. d4 d5 3. Nc3 Nf6 4. Nf3 Be7 5. Bg5 Nbd7 6. e3 O-O 7. c5 b6 8. c6
Nb8 9. Ne5 Ne8 10. Bxe7 Qxe7 11. Qa4 Nd6 12. b4 f6 13. Nf3 Nxc6 14. Qxc6 Bd7
15. Nxd5 exd5 16. Qxd5+ Be6 17. Qc6 Nf5 18. a3 a5 19. b5 Rad8 20. Be2 Bd5 21.
Bc4 Bxc4 22. Qxc4+ Kh8 23. O-O g5 24. a4 g4 25. Nd2 Nxe3 26. Qe2 Nf5 27. Qxg4
Nxd4 28. Rfe1 Qf7 29. Rac1 Rg8 30. Qf4 Ne6 31. Qc4 Qg7 32. g3 Ng5 33. h4 Nh3+
34. Kg2 Nxf2 35. Qxc7 Rd7 36. Qf4 Nd3 0-1

[Event "USV Potsdam-SF Köln-Mülheim"]
[Site "?"]
[Date "2007.12.27"]
[Round "2.3"]
[White "Eigemann, Julian"]
[Black "Cech, Tim"]
[Result "1-0"]
[WhiteElo "1508"]
[BlackElo "1218"]
[PlyCount "91"]
[EventDate "2007.??.??"]

1. e4 e5 2. Nf3 Nf6 3. Nxe5 d6 4. Nf3 Nxe4 5. d3 Nf6 6. d4 d5 7. Bd3 Nc6 8. c3
Bd6 9. O-O O-O 10. Re1 Bg4 11. Bg5 Bxf3 12. Qxf3 Re8 13. Rxe8+ Qxe8 14. Be3 Qd7
15. Bg5 Be7 16. Nd2 Re8 17. Nb3 h6 18. Bf5 Qd6 19. Re1 Bd8 20. Rxe8+ Nxe8 21.
Bf4 Qf6 22. Bd7 Kf8 23. Qxd5 Qxf4 24. Bxc6 Qd6 25. Nd2 Qxd5 26. Bxd5 Bg5 27.
Nb1 Bc1 28. b3 Nd6 29. h3 Bb2 30. Kf1 f5 31. Ke2 Bc1 32. Kd1 Bg5 33. Nd2 Bxd2
34. Kxd2 Ke7 35. c4 Kf6 36. c5 Ne4+ 37. Bxe4 fxe4 38. Ke3 Kf5 39. b4 h5 40. a4
c6 41. g4+ hxg4 42. hxg4+ Kxg4 43. b5 cxb5 44. axb5 g5 45. d5 Kh3 46. d6 1-0

[Event "SV Turm Lippstadt-SC Einheit Bautzen"]
[Site "?"]
[Date "2007.12.27"]
[Round "2.4"]
[White "Barkey, Thies"]
[Black "Röpke, Markus"]
[Result "1/2-1/2"]
[WhiteElo "1184"]
[BlackElo "1138"]
[PlyCount "81"]
[EventDate "2007.??.??"]

1. e4 c5 2. Nf3 e6 3. Nc3 a6 4. Be2 Qc7 5. d3 Nf6 6. Bg5 Be7 7. h3 Nc6 8. d4 d6
9. d5 exd5 10. exd5 Nd8 11. Bd3 O-O 12. O-O h6 13. Bf4 Qb6 14. Rb1 Qa7 15. Re1
b5 16. Be4 Nxe4 17. Nxe4 Bf5 18. Ng3 Qd7 19. Nxf5 Qxf5 20. Bxh6 Bf6 21. Bd2 Nb7
22. Be3 Rfe8 23. Qd3 Qxd3 24. cxd3 Rac8 25. Bg5 Rxe1+ 26. Rxe1 Bxb2 27. Re2 Bc3
28. Rc2 Ba5 29. Nh4 f6 30. Bd2 Bxd2 31. Rxd2 Re8 32. Nf3 Nd8 33. Kf1 Nf7 34.
Re2 Rxe2 35. Kxe2 Ne5 36. Nxe5 dxe5 37. Ke3 Kf8 38. f4 exf4+ 39. Kxf4 Ke7 40.
g4 g6 41. h4 1/2-1/2

[Event "SC Reti Heusweiler-SG Porz 47"]
[Site "?"]
[Date "2007.12.27"]
[Round "2.3"]
[White "Mehler, Simon"]
[Black "Holle, Cedric"]
[Result "0-1"]
[WhiteElo "1061"]
[BlackElo "1261"]
[PlyCount "126"]
[EventDate "2007.??.??"]

1. e4 e5 2. Nf3 Nc6 3. Bc4 Nf6 4. d3 Bc5 5. Be3 Bb6 6. Nc3 d6 7. Nd5 Bg4 8. h3
Bh5 9. Bg5 Nd4 10. Bxf6 gxf6 11. Nxb6 cxb6 12. g4 Bg6 13. Nxd4 exd4 14. Bb5+
Kf8 15. f4 h6 16. Qf3 Qc7 17. Rh2 Kg7 18. a4 Rhe8 19. Bxe8 Rxe8 20. h4 d5 21.
h5 Bh7 22. Re2 dxe4 23. dxe4 Qc4 24. Qd3 Qb4+ 25. c3 dxc3 26. bxc3 Qe7 27. e5
fxe5 28. fxe5 Qe6 29. Qf3 Rd8 30. Qf6+ Qxf6 31. exf6+ Kxf6 32. Rd1 Rxd1+ 33.
Kxd1 Bb1 34. Rf2+ Ke6 35. Rg2 Kf6 36. Rd2 Be4 37. Rd4 Ke5 38. Rb4 Bc6 39. c4 f5
40. g5 hxg5 41. h6 Kf6 42. Rb3 g4 43. Rd3 Kg6 44. Rd6+ Kh7 45. Kd2 f4 46. Rd4
Kxh6 47. Rxf4 Kg5 48. Rf8 g3 49. Ke2 Kg4 50. Kf1 g2+ 51. Kg1 Kg3 52. Rg8+ Kf4
53. Rb8 Kf3 54. Rd8 Ke3 55. Rd6 Kf4 56. Rd2 Ke5 57. a5 bxa5 58. Ra2 b6 59. Rb2
a4 60. Rc2 Bd7 61. Rc3 Kd4 62. Ra3 b5 63. Kf2 Kxc4 0-1

[Event "BSG Chemie Leipzig-SK Ettlingen"]
[Site "?"]
[Date "2007.12.27"]
[Round "2.1"]
[White "Volz, Alexander"]
[Black "Müller, Marius"]
[Result "1-0"]
[WhiteElo "1480"]
[BlackElo "1485"]
[PlyCount "153"]
[EventDate "2007.??.??"]

1. e4 d5 2. exd5 Nf6 3. Nc3 Nxd5 4. Nxd5 Qxd5 5. d4 Nc6 6. Be3 g6 7. c4 Qa5+ 8.
Qd2 Qxd2+ 9. Kxd2 Bg7 10. Nf3 Bf5 11. Rd1 Rd8 12. Kc1 O-O 13. Be2 Rd7 14. Rd2
Rfd8 15. Rhd1 Be4 16. Ng5 Bf5 17. g4 h6 18. Nh3 Bxg4 19. Bxg4 f5 20. Bf3 Na5
21. b3 g5 22. Bd5+ Kh8 23. Be6 f4 24. Bxf4 gxf4 25. Bxd7 Rxd7 26. Nxf4 Nc6 27.
Ne6 Bf6 28. f4 Kg8 29. a3 b6 30. Kc2 Nd8 31. Nxd8 Rxd8 32. d5 Kf7 33. Rg2 Rh8
34. Kd3 h5 35. h3 h4 36. Rdg1 a6 37. Re2 Rd8 38. Kc2 Kf8 39. Re6 Rd6 40. Rxd6
cxd6 41. b4 Kf7 42. f5 Kf8 43. a4 Bd4 44. Rg4 Bf6 45. a5 bxa5 46. bxa5 Kf7 47.
Kb3 Kf8 48. Kb4 Be5 49. Rxh4 Kg7 50. Rg4+ Kh7 51. c5 dxc5+ 52. Kxc5 Bc7 53. Ra4
Kh6 54. Kc6 Bd6 55. Kb6 Kg5 56. Kxa6 Kxf5 57. Kb7 Ke5 58. a6 Bc5 59. Ra5 Bf2
60. a7 Bxa7 61. Kxa7 e6 62. dxe6+ Kxe6 63. h4 Kf7 64. Kb7 Kg6 65. h5+ Kh6 66.
Ra1 Kh7 67. Rg1 Kh8 68. Kc7 Kh7 69. h6 Kh8 70. h7 Kxh7 71. Kd6 Kh6 72. Ke5 Kh5
73. Kf4 Kh6 74. Kf5 Kh7 75. Kf6 Kh8 76. Kf7 Kh7 77. Rh1# 1-0

[Event "BSG Chemie Leipzig-SK Ettlingen"]
[Site "?"]
[Date "2007.12.27"]
[Round "2.4"]
[White "Schmücker, Felix"]
[Black "Kupferschmid, Gernot"]
[Result "1-0"]
[WhiteElo "1077"]
[BlackElo "1204"]
[PlyCount "65"]
[EventDate "2007.??.??"]

1. e4 e5 2. Nf3 Nc6 3. d4 exd4 4. Bc4 Nf6 5. O-O Nxe4 6. Re1 d5 7. Bxd5 Qxd5 8.
Nc3 Qd8 9. Nxe4 Be6 10. Bf4 Qd7 11. Bg5 h6 12. Bf6 Be7 13. Bxd4 O-O-O 14. Bxg7
Qe8 15. Qe2 Rg8 16. Bf6 Bg4 17. Bxe7 Qxe7 18. Ng3 Qf6 19. c3 h5 20. h4 Qf4 21.
Qe3 Qa4 22. b3 Qa3 23. Qf4 Ne7 24. Qxf7 Nf5 25. Nxf5 Rdf8 26. Qe6+ Kb8 27. N3d4
c5 28. Qd6+ Ka8 29. Ne6 b6 30. Nxf8 Bxf5 31. Qc6+ Kb8 32. Re8+ Bc8 33. Rxc8#
1-0

[Event "SV Empor Berlin-Wilhelmshavener SF"]
[Site "?"]
[Date "2007.12.27"]
[Round "2.1"]
[White "Heermann, Kai"]
[Black "Tong, Lukas Fabian Chuan"]
[Result "1/2-1/2"]
[WhiteElo "1379"]
[BlackElo "1575"]
[PlyCount "70"]
[EventDate "2007.??.??"]

1. d4 Nf6 2. c4 e6 3. Nf3 b6 4. g3 Bb7 5. Bg2 c5 6. e3 Nc6 7. O-O d5 8. cxd5
Nxd5 9. b3 Be7 10. Bb2 O-O 11. a3 Qd7 12. Nbd2 Rfd8 13. Nc4 Nf6 14. Nfe5 Nxe5
15. Nxe5 Qc7 16. Bxb7 Qxb7 17. Qf3 Qd5 18. Qxd5 Rxd5 19. Nf3 Rad8 20. dxc5 Bxc5
21. b4 Be7 22. Bd4 Nd7 23. Rac1 e5 24. Bb2 f6 25. Rfd1 Nf8 26. Rxd5 Rxd5 27.
Rc7 Rd7 28. Rxd7 Nxd7 29. Kf1 Kf7 30. Ke2 Ke6 31. e4 b5 32. Kd3 Nb6 33. Nd2 g6
34. Nb3 Nc4 35. Bc1 f5 1/2-1/2

[Event "SK Gründau-SF Baiertal-Schatthausen"]
[Site "?"]
[Date "2007.12.27"]
[Round "2.1"]
[White "Herbst, Matthew"]
[Black "Kuhn, Jan"]
[Result "0-1"]
[WhiteElo "1153"]
[BlackElo "1606"]
[PlyCount "144"]
[EventDate "2007.??.??"]

1. e4 e6 2. d4 d5 3. Nc3 Nf6 4. Bg5 Be7 5. e5 Nfd7 6. Bxe7 Qxe7 7. f4 a6 8. Bd3
c5 9. Nf3 Nc6 10. Be2 O-O 11. Qd3 h6 12. O-O-O c4 13. Qe3 b5 14. g4 b4 15. Na4
Qd8 16. Kb1 Qa5 17. Nc5 Nxc5 18. dxc5 c3 19. h4 Rb8 20. Ne1 d4 21. Qd3 Qxc5 22.
g5 b3 23. axb3 Qa5 24. bxc3 dxc3 25. Rh3 Nb4 26. Qxc3 Qa2+ 27. Kc1 Nd5 28. Qb2
Qxb2+ 29. Kxb2 Nxf4 30. Re3 Nxe2 31. Rxe2 hxg5 32. hxg5 Bb7 33. Red2 Bd5 34.
Rc1 Rfc8 35. Nd3 Kf8 36. Ka3 Be4 37. c4 Rb7 38. b4 Rd7 39. c5 Rxd3+ 40. Rxd3
Bxd3 41. Rd1 Bb5 42. Rd2 Ke7 43. Kb3 Rd8 44. Rd6 Rxd6 45. exd6+ Kd7 46. Kc3 f6
47. gxf6 gxf6 48. Kd4 Ke8 49. Ke4 Kf7 50. Kf4 e5+ 51. Kf5 Bd7+ 52. Ke4 Ke6 53.
Ke3 f5 54. Kd3 Kd5 55. Kd2 Kc4 56. b5 axb5 57. c6 Bxc6 58. Kc2 Kd5 59. d7 Bxd7
60. Kd3 f4 61. Ke2 b4 62. Kd3 b3 63. Kd2 f3 64. Kd3 f2 65. Kd2 f1=Q 66. Ke3
Qf4+ 67. Kd3 Qd4+ 68. Ke2 Qc3 69. Kf2 b2 70. Ke2 b1=R 71. Kf2 Rb2+ 72. Kg1 Qc1#
0-1

[Event "SC Forchheim-Weisse Dame Hamburg"]
[Site "?"]
[Date "2007.12.27"]
[Round "2.1"]
[White "Pfeiffer, Daniel"]
[Black "Mons, Leon"]
[Result "0-1"]
[WhiteElo "1670"]
[BlackElo "1990"]
[PlyCount "36"]
[EventDate "2007.??.??"]

1. e4 e5 2. Nf3 Nc6 3. Nc3 Nf6 4. Bb5 Bd6 5. O-O O-O 6. d3 h6 7. Be3 Ne7 8.
Nxe5 c6 9. Nxf7 Rxf7 10. Bc4 Bxh2+ 11. Kxh2 d5 12. e5 Ng4+ 13. Kg1 dxc4 14. d4
Nxe3 15. fxe3 Be6 16. Rxf7 Bxf7 17. Qg4 Qc8 18. Qh5 Nd5 0-1

[Event "SC Forchheim-Weisse Dame Hamburg"]
[Site "?"]
[Date "2007.12.27"]
[Round "2.3"]
[White "Schaeffer, Philipp"]
[Black "Stephan, Michael"]
[Result "0-1"]
[WhiteElo "1234"]
[BlackElo "1726"]
[PlyCount "126"]
[EventDate "2007.??.??"]

1. e4 e5 2. Nf3 Nc6 3. Nc3 Nf6 4. Bb5 d6 5. d4 exd4 6. Nxd4 Bd7 7. Bg5 Be7 8.
Qd2 O-O 9. O-O-O a6 10. Bxc6 bxc6 11. f4 Re8 12. e5 dxe5 13. fxe5 Nd5 14. Bxe7
Rxe7 15. Nf3 Be6 16. h3 Qc8 17. Qg5 Re8 18. Ne4 Kh8 19. h4 Bg4 20. Qd2 Bxf3 21.
gxf3 Rxe5 22. Qd4 Re7 23. c4 Nf4 24. Qc5 Qe6 25. Qe3 Qxc4+ 26. Kb1 Nd5 27. Qd2
a5 28. Rc1 Qb5 29. Rhg1 Rb8 30. Qd4 f6 31. Rg2 Nf4 32. Rd2 Nd5 33. Rdc2 Nb4 34.
Rc5 Qd3+ 35. Qxd3 Nxd3 36. Rxa5 Nxc1 37. Kxc1 Kg8 38. Ra6 Rb5 39. Rxc6 Rf5 40.
Rc3 Rf4 41. h5 Rh4 42. Rc5 Rh3 43. Nd2 Rd7 44. a4 Rh1+ 45. Kc2 Rh2 46. a5
Rhxd2+ 47. Kb3 R2d3+ 48. Ka2 Rxf3 49. a6 c6 50. Rxc6 Ra7 51. b3 Rf5 52. b4 Kf8
53. Ka3 Ke8 54. Ka4 Kd7 55. b5 Rxh5 56. Ka5 Rd5 57. Kb6 Ra8 58. Rc7+ Kd6 59.
Rc6+ Kd7 60. Rc5 Rb8+ 61. Ka7 Rxc5 62. b6 Rxb6 63. Kxb6 Rc1 0-1

[Event "SC Forchheim-Weisse Dame Hamburg"]
[Site "?"]
[Date "2007.12.27"]
[Round "2.4"]
[White "Förstel, Markus"]
[Black "Petru, Dennis"]
[Result "1-0"]
[WhiteElo "1316"]
[BlackElo "1073"]
[PlyCount "87"]
[EventDate "2007.??.??"]

1. e4 e5 2. Nf3 Nc6 3. Bc4 Bc5 4. Nc3 Nf6 5. d3 d6 6. Bg5 h6 7. Bxf6 gxf6 8.
Qe2 Be6 9. Bb3 Qd7 10. Nd5 Bxd5 11. Bxd5 O-O-O 12. O-O-O f5 13. Nh4 fxe4 14.
Bxe4 Kb8 15. Rdf1 Nd4 16. Qd2 f5 17. Bd5 Qa4 18. c3 Nc6 19. Nxf5 Rdf8 20. Nxh6
Qf4 21. Qxf4 Rxf4 22. Nf7 Rf8 23. f3 R8xf7 24. Bxf7 Rxf7 25. Kd1 Kc8 26. h4 Ne7
27. g4 Be3 28. g5 Rh7 29. Ke2 Bf4 30. Rfg1 Kd7 31. g6 Rg7 32. h5 Bh6 33. d4 Nf5
34. dxe5 dxe5 35. Rd1+ Kc6 36. Kd3 Kc5 37. b4+ Kb5 38. Rhe1 Rd7+ 39. Ke4 Ng3+
40. Kxe5 Rxd1 41. Rxd1 Kb6 42. Kf6 Nxh5+ 43. Kf5 c5 44. Rh1 1-0